000
00733nam a22001697a 4500
020
_a
9788131715802
082
_a
339
100
_a
Andrew B. Abel
245
_a
Macroeconomics
250
_a
5th ed.
260
_a
Dorling kindersley
_b
Pearson
_c
2005
300
_a
630p
942
_c
BK
999
_c
348759
_d
348759